000
00206 a2200097 4500
020
_a
9789978805886
041
_a
spa
100
_a
Vallejos Estuardo
245
_a
La gallina de los huevos de oro
942
_c
BK
999
_c
11197
_d
11197